00488nam a22001457a 4500020001800000082001500018100003100033245002800064260005300092300001100145650001600156942000700172952014600179999001700325 a9788174357267 a340.59 NYA aNayazee , Imran Ahsan Khan aTheories Of Islamic Law aNew Delhi bAdam Publishers & Distributorsc2014 a334 P aIslamic Law cBK 00104070aHMIbHMIcGENd2015-10-27eHuda Book Distribution Hyderabadg500.00l7o340.59 NYAp24947r2023-03-14s2022-09-05w2026-01-16yBK c19812d19812